| 000 | 01389cam a22002655a 4500 | ||
|---|---|---|---|
| 001 | 12867530 | ||
| 005 | 20170427115544.0 | ||
| 008 | 020724s2002 enka frb f001 0 eng d | ||
| 010 | _a 2002029587 | ||
| 020 | _a9780192801555 | ||
| 040 |
_aDLC _beng _cDLC _dDLC _dEG-ScBUE _dEG-ScBUE |
||
| 082 | 0 | 4 |
_a320.533 _bPAS _222 |
| 100 | 1 |
_aPassmore, Kevin. _939736 |
|
| 245 | 1 | 0 |
_aFascism : _ba very short introduction / _cKevin Passmore. |
| 260 |
_aOxford ; _aNew York : _bOxford University Press, _c2002. |
||
| 300 |
_a162 p. : _bill. ; _c18 cm. |
||
| 490 | 0 |
_aVery short introductions ; _v77 |
|
| 500 | _aIndex : p. 159-162. | ||
| 504 | _aBibliography : p. 157-158. | ||
| 520 | _aFascism is notoriously hard to define. Kevin Passmore unravels the paradoxes of one of the most important phenomena of the modern world - tracing its origins in the intellectual, political, and social crises of the late nineteenth century, fascist movements and regimes in Italy and Germany, and the fortunes of 'failed' fascist movements in Eastern Europe, Spain, and the Americas. He shows how important racist nationalism was to fascism, examines its appeal to women and men, workers and capitalists, and concludes with a look at the recent revival of the extreme right in Europe. | ||
| 650 | 7 |
_aFascism. _2BUEsh _939739 |
|
| 651 | _2BUEsh | ||
| 653 |
_bEEENG _bHHUUPPSS _cApril2016 _cApril2017 |
||
| 942 | _2ddc | ||
| 999 |
_c21559 _d21531 |
||